Hacia la atención integral de la adolescencia en Costa Rica /

Sábháilte in:
Sonraí bibleagrafaíochta
Príomhchruthaitheoir: Montecinos, Edith
Rannpháirtithe: Krauskopf Roger, Dina, Vargas, Ginet
Formáid: Téacs
Teanga:Spanish
Foilsithe / Cruthaithe: San José: OPS. OMS
Ábhair:
Clibeanna: Cuir clib leis
Níl clibeanna ann, Bí ar an gcéad duine le clib a chur leis an taifead seo!

MARC

LEADER 00000 a a2200000 04500
001 15243
003 cru CIDCACS/IIS
005 20190410113201.0
008 190410b1991 CR ||||| |||| 00| 0 spa d
999 |c 14582  |d 14582 
020 |a [sin ISBN]  
022 |a [sin ISBN]  
040 |c cru CIDCACS/IIS 
090 |a 15.04.04 M773h 
100 |a Montecinos, Edith  
245 |a Hacia la atención integral de la adolescencia en Costa Rica /  |c Edith Montecinos 
260 |a San José:   |b OPS. OMS  
300 |a 153 páginas  
650 |a SALUD DEL ADOLESCENTE  
650 |a Macrothesaurus de la OCDE  
650 |a JUVENTUD  
650 |a Macrothesaurus de la OCDE  
650 |a ASPECTOS SOCIALES  
650 |a Macrothesaurus de la OCDE  
650 |a SISTEMAS DE SALUD  
650 |a Macrothesaurus de la OCDE  
650 |a POLITICA DE SALUD  
700 |a Krauskopf Roger, Dina  
700 |a Vargas, Ginet  
942 |2 ddc  |c LI